Представление документа в формате RUSMARC

ПолеНазваниеЗначение
  Тип записи c
  Библиографический уровень m
001 Контрольный номер RU/УОНБ/EK_N/669221623
005 Дата корректировки 20250520122017.1
100 Данные общей обработки __
a Данные общей обработки 20210316d2008 u y0rusy0189||||ca
101 Язык документа 0_
a Язык текста rus
f Язык титульного листа rus
102 Страна публикации __
a Страна публикации RU
105 Кодированные данные (монография) __
a Кодированные данные (монография) y###||||000|y
200 Заглавие и сведения об ответственности 1_
a Заглавие Обучение с увлечением
b Общее обозначение материала Ноты
e Сведения, относящиеся к заглавию нескуч. антология облегч. перелож. попул. произведений клас. муз. для фп. и синтезатора
210 Выходные данные 1_
a Место издания Москва
c Издательство Издательство В. Н. Зайцева
d Дата издания 2008 -
215 Физическое описание __
d Формат 29 см
512 Заглавие обложки 1_
a Заглавие обложки Обучение с увлечением
686 Индексы других классификаций __
a Классификационный индекс 85
2 Код системы rubbk
801 Источник записи _0
a Страна RU
b Организация Ульяновская ОНБ
c Дата составления 20210316
g Правила каталогизации RCR
801 Источник записи _1
a Страна RU
b Организация Ульяновская ОНБ
c Дата составления 20210316
g Правила каталогизации RCR
901 Тип документа __
t Тип документа v
909 Создатель записи __
a Создатель записи Лобина Л. И.
938 Служебная информация __
a Имя БД noti
b Имя библиотеки УОНБ
c Имя АИБС МАРК-SQL
d Номер DOC_ID в БД 23615